000 00282nam a22001337a 4500
008 170629b xxu||||| |||| 00| 0 eng d
020 _a087352990
041 _aeng
080 _a82
100 _a22
101 _aGJL
245 _aPROFESSION 2006
_cCARDOZO,K.M
942 _2udc
_cBK
999 _c19454
_d19454